Ideología, evolución cultural y cultura política /
Sin resumen
Αποθηκεύτηκε σε:
| Κύριος συγγραφέας: | |
|---|---|
| Μορφή: | Κείμενο |
| Γλώσσα: | Spanish |
| Θέματα: | |
| Ετικέτες: |
Προσθήκη ετικέτας
Δεν υπάρχουν, Καταχωρήστε ετικέτα πρώτοι!
|
MARC
| LEADER | 00000 a a2200000 04500 | ||
|---|---|---|---|
| 001 | 10 | ||
| 003 | cru CIDCACS/IIS | ||
| 005 | 20180712141355.0 | ||
| 008 | 180712b ||||| |||| 00| 0 spa d | ||
| 999 | |c 41551 |d 41551 | ||
| 040 | |c cru CIDCACS/IIS | ||
| 100 | 1 | |a Deutscher, Eckhard |9 3394 | |
| 245 | 1 | |a Ideología, evolución cultural y cultura política / |c Eckhard Deutscher | |
| 300 | |a páginas 275-278 | ||
| 520 | |a Sin resumen | ||
| 650 | 1 | 0 | |a POLITICA CULTURAL |9 2521 |
| 650 | 1 | 0 | |a SOCIEDAD |9 26 |
| 650 | 7 | |a DESARROLLO CULTURAL |9 7422 | |
| 773 | 0 | |0 18806 |9 2087 |a Universidad Nacional de Costa Rica |d Heredia: C.R.: EUNA |o 02253 |t ABRA |x 14093928 | |
| 942 | |2 ddc |c PP | ||
